| 000 | 01194nam a2200289 u 4500 | ||
|---|---|---|---|
| 001 | 000047861 | ||
| 005 | 20201002060759.0 | ||
| 008 | 090703s2012 dr r 000 0 spa d | ||
| 020 | _a9789945457421 (tapa dura) | ||
| 040 |
_aDO-SdBNP _bspa _cBNPHU |
||
| 082 |
_a341.42729307294 _bP349h, 2012 |
||
| 100 | 1 |
_aPeña Batlle, Manuel Arturo, _d1902-1952 _98406 |
|
| 245 | 1 | 0 |
_aHistoria de la cuestión fronteriza dominico-haitiana / _cManuel Arturo Peña Batlle ; presentación Vicente Bengoa Albizu ; exordio Mariano Mella. |
| 250 | _a3a ed. | ||
| 260 |
_aSanto Domingo : _bBanreservas, _c2012. |
||
| 300 |
_a530 ; _c24 cm. |
||
| 490 | 1 |
_aBibliófilos-Banreservas ; _v9 ; |
|
| 504 | _aIncluye referencias bibliográficas y notas al pie de las páginas. | ||
| 590 | _aInventariado, 2018/YL | ||
| 651 | 4 |
_aRepública Dominicana _xIncidentes Fronterizos _98407 |
|
| 651 | 4 |
_aHaití _xIncidentes Fronterizos _98408 |
|
| 651 | 4 |
_aRepública Dominicana _xHistoria _xLimites _zHaití _98409 |
|
| 651 | 4 |
_aHaití _xHistoria _xLimites _zRepública Dominicana _98410 |
|
| 700 | 1 | 2 |
_aBengoa Albizu, Vicente _epres. _968038 |
| 700 | 1 | 2 |
_aMella, Mariano _eexo. _92101 |
| 830 | 0 |
_aBibliófilos-Banreservas _n9 _975420 |
|
| 999 |
_c47349 _d47349 |
||